The making of educational research. (Record no. 74338)

MARC details
000 -LEADER
fixed length control field 00602cam a22002171 4500
001 - CONTROL NUMBER
control field sa 67004253
003 - CONTROL NUMBER IDENTIFIER
control field DLC
005 - DATE AND TIME OF LATEST TRANSACTION
control field 20260227112345.0
008 - FIXED-LENGTH DATA ELEMENTS--GENERAL INFORMATION
fixed length control field 870630s1966 ii b 000 0 eng
010 ## - LIBRARY OF CONGRESS CONTROL NUMBER
LC control number sa 67004253
025 ## - OVERSEAS ACQUISITION NUMBER
Overseas acquisition number PL480:I-E-7489
035 ## - SYSTEM CONTROL NUMBER
System control number (OCoLC)16107396
040 ## - CATALOGING SOURCE
Original cataloging agency DLC
Transcribing agency CLU
Modifying agency OCoLC
-- DLC
050 00 - LIBRARY OF CONGRESS CALL NUMBER
Classification number LB1028
Item number .S18
100 1# - MAIN ENTRY--PERSONAL NAME
Personal name Samant, Dattatraya Govind.
245 14 - TITLE STATEMENT
Title The making of educational research.
260 ## - PUBLICATION, DISTRIBUTION, ETC.
Place of publication, distribution, etc. Bombay,
Name of publisher, distributor, etc. Popular Prakashan
Date of publication, distribution, etc. [1966]
300 ## - PHYSICAL DESCRIPTION
Extent viii, 92 p.
Dimensions 23 cm.
504 ## - BIBLIOGRAPHY, ETC. NOTE
Bibliography, etc. note Bibliography: p. 89-90.
650 #0 - SUBJECT ADDED ENTRY--TOPICAL TERM
Topical term or geographic name entry element Education
General subdivision Research
Geographic subdivision India.

No items available.

Powered by Koha